000 00623nam a22001817a 4500
003 UA-OsUOA
001 18083
007 ta
008 20040419b un ||||| |||| 00| 0 ukr d
100 _aПилипчук М.
942 _cSA
040 _aUA-OsUOA
_cUA-OsUOA
_dUA-OsUOA
245 _aПершочергове завдання - розширювати поле майстерності
_b[Про ФПП "Полісся" Рокитного]
300 _aС.1
955 _a0
773 0 _w0
_tРокитнівщина
_dРокитне
_d2004
_g№23/20 берез./
650 7 _aКраєзнавча робота
_2UDC
999 _c304253
_d304253